Most mountainous countries in Asia - Statistics

General Stats
  • This quiz has been taken 84 times
  • The average score is 13 of 15
Answer Stats
Hint Answer % Correct
Indian subcontinent Nepal
100%
Indian subcontinent Bhutan
96%
Caucasus Georgia
94%
Central Asia Afghanistan
92%
Caucasus Armenia
92%
Middle east Iran
92%
Indian subcontinent Pakistan
92%
Central Asia Tajikistan
91%
Caucasus Azerbaijan
88%
South east Asia Laos
83%
Central Asia Kyrgyzstan
81%
South east Asia Myanmar
81%
Indian subcontinent Sri lanka
81%
Middle east Lebanon
78%
Middle East Cyprus
44%
No matching quizzes found
Score Distribution
Percent of People with Each Score
Percentile by Number Answered
Your Score History
You have not taken this quiz